[Event "Chess Classic ELO Open 2013"]
[Site "Baden-Baden GER"]
[Date "2013.02.12"]
[Round "6.4"]
[White "Krulich, Roman"]
[Black "Iordachescu, Viorel"]
[Result "0-1"]
[WhiteTitle "CM"]
[BlackTitle "GM"]
[WhiteElo "2215"]
[BlackElo "2610"]
[WhiteFideId "4698746"]
[BlackFideId "13900200"]
[EventDate "2013.02.07"]

1. e4 c6 2. d4 d5 3. exd5 cxd5 4. Bd3 Nc6 5. c3 Qc7 6. Ne2 Bg4 7. f3 Bd7 8. Bf4
e5 9. Bg3 Bd6 10. O-O Nge7 11. Na3 a6 12. Nc2 O-O 13. Kh1 Rad8 14. dxe5 Nxe5 15.
Ncd4 Bc8 16. Bxe5 Bxe5 17. f4 Bf6 18. Ng3 Qb6 19. Nb3 g6 20. f5 Nc6 21. fxg6
fxg6 22. Qc2 Ne5 23. Be2 h5 24. Bf3 h4 25. Ne2 Bf5 26. Qd2 Nc4 27. Qf4 Ne3 28.
Rg1 g5 29. Qa4 g4 30. Qf4 Bg7 31. Ned4 Bh6 32. Qe5 Rde8 33. Bxd5+ Kh7 34. Ne6
Bxe6 0-1

[Event "Chess Classic ELO Open 2013"]
[Site "Baden-Baden GER"]
[Date "2013.02.12"]
[Round "6.5"]
[White "Schmid, Wolfgang"]
[Black "Tereick, Benjamin"]
[Result "0-1"]
[WhiteTitle "FM"]
[BlackTitle "IM"]
[WhiteElo "2209"]
[BlackElo "2382"]
[WhiteFideId "4608046"]
[BlackFideId "24607541"]
[EventDate "2013.02.07"]

1. e4 c5 2. Nf3 g6 3. Nc3 Bg7 4. g3 Nc6 5. Bg2 d6 6. O-O e5 7. d3 Nge7 8. Be3
O-O 9. Qd2 f5 10. Bg5 f4 11. Nd5 h6 12. Bxe7 Nxe7 13. c4 g5 14. Ne1 Ng6 15. f3
h5 16. Kf2 g4 17. Ke2 Bh6 18. Kd1 Kh7 19. Qe2 Qg5 20. Kc2 Bd7 21. Rd1 Rf7 22.
Qd2 fxg3 23. Qxg5 Bxg5 24. hxg3 Raf8 25. Rh1 Kh6 26. fxg4 Rf2+ 27. Kb3 Bxg4 28.
Rb1 Bd2 29. Rg1 Be2 30. Nc3 Bf1 31. Bxf1 Rxf1 32. Nc2 Rxg1 33. Rxg1 Rf3 34. g4
Rxd3 35. gxh5 Nf4 36. a3 Bxc3 37. bxc3 Ne2 38. Rg2 Nxc3 39. Ne1 Rh3 40. Kc2 Nxe4
41. Rg4 Ng5 0-1

[Event "Chess Classic ELO Open 2013"]
[Site "Baden-Baden GER"]
[Date "2013.02.12"]
[Round "6.6"]
[White "Agrest, Inna"]
[Black "Schut, Lisa"]
[Result "1/2-1/2"]
[WhiteTitle "WIM"]
[BlackTitle "WIM"]
[WhiteElo "2174"]
[BlackElo "2283"]
[WhiteFideId "1708830"]
[BlackFideId "1019481"]
[EventDate "2013.02.07"]

1. e4 e6 2. d4 d5 3. Nc3 Bb4 4. Ne2 dxe4 5. a3 Be7 6. Nxe4 Nf6 7. Nxf6+ Bxf6 8.
Be3 b6 9. Nf4 Bb7 10. Nh5 Nd7 11. Qg4 g6 12. Nxf6+ Nxf6 13. Qh4 Nd7 14. Qg3 Be4
15. O-O-O Qe7 16. f3 Bf5 17. Bb5 O-O-O 18. Bf4 Nb8 19. Rhe1 f6 20. Qf2 g5 21.
Bg3 a6 22. Bc4 Rhe8 23. Re3 Qd7 24. Rc3 Kb7 25. Bb3 Rc8 26. Qe3 Nc6 27. Bf2 Ne7
28. g4 Nd5 29. Bxd5+ exd5 30. Qd2 Bg6 31. Bg3 h5 32. h3 hxg4 33. hxg4 Re7 34.
Re1 Rxe1+ 35. Qxe1 Re8 36. Qd2 c6 37. Re3 Rxe3 38. Qxe3 Kc8 39. b3 Qd8 1/2-1/2

[Event "Chess Classic ELO Open 2013"]
[Site "Baden-Baden GER"]
[Date "2013.02.12"]
[Round "6.7"]
[White "Weber, Tom"]
[Black "Buttenmueller, Thomas"]
[Result "1-0"]
[WhiteTitle "FM"]
[WhiteElo "2380"]
[BlackElo "2156"]
[WhiteFideId "4000609"]
[BlackFideId "1312847"]
[EventDate "2013.02.07"]

1. e4 c5 2. Nc3 Nc6 3. f4 g6 4. Nf3 Bg7 5. Bb5 Nd4 6. O-O Nxb5 7. Nxb5 Nf6 8. e5
Ng4 9. h3 Qb6 10. c4 Nh6 11. g4 O-O 12. d3 d5 13. Qe2 f5 14. g5 Nf7 15. Nc3 d4
16. Nd5 Qd8 17. e6 Nd6 18. b4 cxb4 19. Bb2 Ne8 20. Bxd4 Qd6 21. Rfe1 b6 22. Be5
Qxe6 23. Qf1 Bxe5 24. Rxe5 Qd6 25. Nxe7+ Kh8 26. Rae1 Bb7 27. Nd5 Bxd5 28. cxd5
Nc7 29. Qf2 Rad8 30. Re7 Kg8 31. Qh4 h5 32. gxh6 Nxd5 33. Rg7+ Kh8 34. Ne5 Rf6
35. Kh2 Rc8 36. Re2 Rg8 37. Rd7 Qe6 38. Rxd5 1-0

[Event "Chess Classic ELO Open 2013"]
[Site "Baden-Baden GER"]
[Date "2013.02.12"]
[Round "6.8"]
[White "Buecker, Stefan"]
[Black "Berndt, Matthias"]
[Result "1-0"]
[WhiteTitle "FM"]
[WhiteElo "2342"]
[BlackElo "2136"]
[WhiteFideId "4601424"]
[BlackFideId "4622839"]
[EventDate "2013.02.07"]

1. e4 e6 2. Nc3 d5 3. Nf3 Nf6 4. e5 Nfd7 5. d4 c5 6. dxc5 Nc6 7. Bf4 Bxc5 8. Bd3
f6 9. exf6 Nxf6 10. O-O O-O 11. Bg3 Bd6 12. Bxd6 Qxd6 13. Nb5 Qf4 14. Re1 Bd7
15. g3 Qg4 16. Bf1 Ne4 17. Bg2 a6 18. Nc7 Rad8 19. Nxd5 Nxf2 20. Ne3 Nxd1 21.
Nxg4 Nxb2 22. Rab1 Na4 23. Rxb7 Nc3 24. Rb3 Na4 25. Ra3 Nc5 26. Rc3 Na4 27. Rc4
Nb6 28. Rce4 h6 29. Nf2 Rf5 30. Nd4 Nxd4 31. Rxd4 Re8 32. Rd6 Rb8 33. Nd3 Bb5
34. Nf4 Bc4 35. Be4 Ra5 36. Bg6 e5 37. Red1 Kf8 38. Ne6+ Bxe6 39. Rxe6 Rb5 40.
Rf1+ Kg8 41. Re7 Nd5 42. Rxe5 Nf6 43. Rxb5 Rxb5 44. a4 Rg5 45. Bd3 Ra5 46. Rf4
Kf7 47. Rc4 Nd5 48. Rc6 Nb4 49. Bc4+ Ke7 50. Re6+ Kf8 51. c3 Rc5 52. Re4 Nc6 53.
Bxa6 Rxc3 54. Rc4 1-0

[Event "Chess Classic ELO Open 2013"]
[Site "Baden-Baden GER"]
[Date "2013.02.12"]
[Round "6.9"]
[White "Partenheimer, Axel"]
[Black "Frick, Christoph"]
[Result "0-1"]
[WhiteElo "2188"]
[BlackElo "2250"]
[WhiteFideId "4646703"]
[BlackFideId "4607090"]
[EventDate "2013.02.07"]

1. Nf3 d5 2. d4 Nf6 3. c4 c6 4. e3 Bg4 5. h3 Bxf3 6. Qxf3 e6 7. Nc3 Nbd7 8. Bd2
Bd6 9. cxd5 exd5 10. Bd3 O-O 11. g4 g6 12. O-O-O b5 13. h4 Qe7 14. Kb1 Rae8 15.
Qg2 b4 16. Ne2 a5 17. f3 c5 18. dxc5 Nxc5 19. Bc2 Qb7 20. h5 a4 21. hxg6 fxg6
22. Qh3 Re7 23. Qh6 Rg7 24. b3 axb3 25. axb3 Qa7 26. Bc1 Ra8 27. Bb2 Qa2+ 28.
Kc1 Rc7 29. Nd4 0-1

[Event "Chess Classic ELO Open 2013"]
[Site "Baden-Baden GER"]
[Date "2013.02.12"]
[Round "6.10"]
[White "Naundorf, Maik"]
[Black "Vogel, Jaap"]
[Result "1/2-1/2"]
[BlackTitle "FM"]
[WhiteElo "2129"]
[BlackElo "2190"]
[WhiteFideId "4682106"]
[BlackFideId "1000764"]
[EventDate "2013.02.07"]

1. Nf3 e6 2. c4 f5 3. g3 Nf6 4. Bg2 Be7 5. O-O O-O 6. Nc3 d6 7. d4 Ne4 8. Qd3
Nxc3 9. Qxc3 Bf6 10. Rd1 Qe8 11. Bg5 Nd7 12. Qe3 h6 13. Bxf6 Nxf6 14. Rac1 Bd7
15. Rc2 Qh5 16. b3 Rae8 17. Qc3 f4 18. gxf4 Bc6 19. d5 exd5 20. Nd4 Ne4 21. Qf3
Qh4 22. f5 dxc4 23. Nxc6 bxc6 24. Rxc4 d5 1/2-1/2

[Event "Chess Classic ELO Open 2013"]
[Site "Baden-Baden GER"]
[Date "2013.02.12"]
[Round "6.11"]
[White "Ditmas, Hugh"]
[Black "Tolhuizen, Ludo"]
[Result "0-1"]
[WhiteElo "1996"]
[BlackElo "2154"]
[WhiteFideId "1270666"]
[BlackFideId "1000802"]
[EventDate "2013.02.07"]

1. d4 e6 2. c4 f5 3. g3 Nf6 4. Bg2 c6 5. Nf3 d5 6. O-O Bd6 7. Bf4 Bxf4 8. gxf4
O-O 9. Nc3 Nbd7 10. Ne5 Ne4 11. Rc1 Kh8 12. e3 Nxe5 13. fxe5 Bd7 14. f4 Be8 15.
cxd5 cxd5 16. Bf3 g5 17. Nxe4 fxe4 18. Bg4 Bb5 19. Be2 Bxe2 20. Qxe2 gxf4 21.
Rxf4 Rxf4 22. exf4 Qb6 23. Rc5 Rf8 24. Qc2 Qd8 25. Qf2 e3 26. Qxe3 Qh4 27. Rc2
Qg4+ 28. Rg2 Qxf4 29. Qxf4 Rxf4 30. Rd2 Kg7 31. Kg2 Kg6 32. Kg3 Kf5 33. a3 h5
34. h4 Rg4+ 35. Kh3 Ke4 36. Rd1 Ke3 37. Rc1 Rg7 38. Rd1 a5 39. a4 Rg4 40. Rc1
Kxd4 41. Rc7 Kxe5 42. Rh7 Rb4 43. Rxh5+ Kf4 44. Rh6 Rb3+ 45. Kg2 Rxb2+ 46. Kf1
e5 47. Rd6 d4 48. h5 Rh2 49. h6 Ke3 50. Rb6 e4 51. Rxb7 Rxh6 52. Rb3+ d3 53. Rc3
Kd2 54. Rc5 Rf6+ 0-1

[Event "Chess Classic ELO Open 2013"]
[Site "Baden-Baden GER"]
[Date "2013.02.12"]
[Round "6.12"]
[White "Feiler, Juergen"]
[Black "Fichter, Fabian"]
[Result "1-0"]
[WhiteElo "2138"]
[BlackElo "2071"]
[WhiteFideId "4687507"]
[BlackFideId "24613258"]
[EventDate "2013.02.07"]

1. d4 d5 2. c4 e6 3. Nf3 c6 4. e3 Bd6 5. b3 f5 6. Bd3 Nf6 7. O-O O-O 8. Ba3 Bxa3
9. Nxa3 Qe7 10. Qc1 Ne4 11. Qb2 Nd7 12. b4 a6 13. Nc2 b5 14. c5 g5 15. a4 Bb7
16. Ne5 Nxe5 17. dxe5 g4 18. Nd4 Ng5 19. f4 gxf3 20. gxf3 f4 21. axb5 axb5 22.
Rxa8 Bxa8 23. Qg2 Kh8 24. Kh1 fxe3 25. f4 Nf7 26. Qh3 Nd8 27. Qxe3 Qh4 28. f5
Bb7 29. f6 Bc8 30. Rf3 Qh5 31. Bxh7 Nf7 32. Rh3 Qd1+ 33. Kg2 Qg4+ 34. Rg3 Qh4
35. Bg6 Nh6 36. Nf3 Ng4 37. Qf4 Qh6 38. Qxg4 1-0

[Event "Chess Classic ELO Open 2013"]
[Site "Baden-Baden GER"]
[Date "2013.02.12"]
[Round "6.13"]
[White "Magar, Johannes"]
[Black "Hoegener, Claude"]
[Result "0-1"]
[WhiteElo "2075"]
[BlackElo "2059"]
[WhiteFideId "4648943"]
[BlackFideId "4000978"]
[EventDate "2013.02.07"]

1. e4 e6 2. d4 d5 3. e5 c5 4. c3 Nc6 5. Nf3 Bd7 6. Be2 cxd4 7. cxd4 Nh6 8. Bxh6
gxh6 9. Nc3 a6 10. a3 Qb6 11. b4 Nxb4 12. Rb1 Qc7 13. Qb3 Rc8 14. Rc1 Nc6 15.
O-O Qa5 16. Na4 b5 17. Nc5 Nxd4 18. Nxd4 Bxc5 19. Rxc5 Rxc5 20. Qe3 Qc3 21. Qf4
Rf8 22. Rd1 Qxa3 23. Qxh6 Rc7 24. Bh5 Qe7 25. f4 Kd8 26. Qxh7 Rc4 27. Be2 f5 28.
Qh3 Rxd4 29. Rxd4 Qc5 30. Qd3 a5 31. h4 a4 32. Bd1 b4 33. Kh2 b3 34. Bxb3 axb3
35. Qd2 Ke7 36. Rb4 Qc2 37. Qd4 Rg8 38. Qg1 b2 39. h5 Qd2 40. Rb7 Qxf4+ 41. g3 0-1

[Event "Chess Classic ELO Open 2013"]
[Site "Baden-Baden GER"]
[Date "2013.02.12"]
[Round "6.14"]
[White "Ehmann, Thilo"]
[Black "Bohnert, Dominik"]
[Result "0-1"]
[WhiteElo "1861"]
[BlackElo "1938"]
[WhiteFideId "12940968"]
[BlackFideId "12918075"]
[EventDate "2013.02.07"]

1. e4 c5 2. Nf3 a6 3. c4 e6 4. d4 cxd4 5. Nxd4 Qc7 6. Nc3 Nf6 7. Be2 Be7 8. O-O
b6 9. Be3 Bb7 10. f3 O-O 11. Kh1 d6 12. Rc1 Nbd7 13. Qd2 Rac8 14. Rfd1 Qb8 15.
Qe1 Bd8 16. Qg1 Bc7 17. b4 Kh8 18. Nb3 Rg8 19. Qe1 d5 20. exd5 exd5 21. Nxd5
Nxd5 22. cxd5 Nf6 23. Qg1 Nxd5 24. Bd2 Nf4 25. Bf1 Nh5 26. Be3 Rce8 27. Bxb6 Bf4
28. Ba7 Bxc1 29. Bxb8 Be3 30. Qxe3 Rxe3 31. Ba7 Rxf3 32. Bxa6 Rxb3 33. Bxb7 Rxb4
34. Bf3 Nf6 35. a3 Rb5 36. Ra1 Ra5 37. Bd4 Ra4 38. Bc5 Rc8 39. Bb4 Rb8 40. Rd1
Raxb4 41. axb4 Rxb4 42. Rd8+ Ng8 43. h3 g5 44. Rd5 h6 45. Kh2 Nf6 46. Rd6 Kg7
47. Rd3 g4 48. hxg4 Nxg4+ 49. Bxg4 Rxg4 50. Kh3 Rg5 51. Rd6 f6 52. Rd7+ Kg6 53.
Rd8 Ra5 54. Rg8+ Kh7 55. Rf8 Kg7 56. Rb8 Ra4 57. Rb7+ Kg6 58. Rb8 f5 59. Rg8+
Kh5 60. Rg3 Rh4# 0-1

[Event "Chess Classic ELO Open 2013"]
[Site "Baden-Baden GER"]
[Date "2013.02.12"]
[Round "6.15"]
[White "Gkogkas, Dimitrios"]
[Black "Riehle, Marco"]
[Result "1-0"]
[WhiteElo "2218"]
[BlackElo "1851"]
[WhiteFideId "4200462"]
[BlackFideId "12904392"]
[EventDate "2013.02.07"]

1. d4 d5 2. c4 e6 3. Nc3 c5 4. cxd5 cxd4 5. Qa4+ Bd7 6. Qxd4 exd5 7. Qxd5 Nc6 8.
Nf3 Nf6 9. Qd1 Bc5 10. e3 Qe7 11. Be2 O-O-O 12. O-O g5 13. b4 g4 14. Nd4 Nxd4
15. exd4 Bxb4 16. Bb2 Bxc3 17. Bxc3 Bc6 18. Re1 Qd6 19. d5 Bxd5 20. Qd4 Ne4 21.
Bxg4+ Kb8 22. Rxe4 Bxe4 23. Qxd6+ Rxd6 24. Bxh8 Rd2 25. Be5+ Ka8 26. Rd1 Rxd1+
27. Bxd1 Bg6 28. f3 b5 29. Kf2 Kb7 30. Ke3 a5 31. a3 Kc6 32. Kd4 Bf5 33. Bb3 Bg6
34. Bd5+ Kb6 35. Bd6 f5 36. Bc5+ Ka6 37. Bb3 Be8 38. Bc2 Bd7 39. Bd3 Kb7 40. Ke5
Kc6 41. Bd4 1-0

[Event "Chess Classic ELO Open 2013"]
[Site "Baden-Baden GER"]
[Date "2013.02.13"]
[Round "7.3"]
[White "Tereick, Benjamin"]
[Black "Karpatchev, Aleksandr"]
[Result "0-1"]
[WhiteTitle "IM"]
[BlackTitle "GM"]
[WhiteElo "2382"]
[BlackElo "2484"]
[WhiteFideId "24607541"]
[BlackFideId "4117182"]
[EventDate "2013.02.07"]

1. Nf3 d5 2. d4 Nc6 3. e3 Bg4 4. Bb5 e6 5. Nbd2 Ne7 6. h3 Bh5 7. c3 a6 8. Bd3 e5
9. dxe5 Nxe5 10. Be2 Nxf3+ 11. Bxf3 Bxf3 12. Nxf3 Qd7 13. O-O O-O-O 14. e4 Nc6
15. Qxd5 Qxd5 16. exd5 Rxd5 17. Be3 Be7 18. Rfd1 Rhd8 19. Rxd5 Rxd5 20. Kf1 Bf6
21. Rc1 Ra5 22. a3 Rd5 23. Ke2 Na5 24. Nd2 b5 25. Rd1 Re5 26. Kd3 Re6 27. Kc2 h6
28. a4 Bg5 29. Bxg5 hxg5 30. axb5 axb5 31. b4 Nc6 32. Nf3 f6 33. Rd5 Re2+ 34.
Rd2 Re4 35. Nd4 Nxd4+ 36. cxd4 Kd7 37. Kd3 Re1 38. Re2 Rb1 39. Kc3 Rc1+ 40. Rc2
Rg1 41. f3 Kd6 42. Rd2 c6 43. Kb3 Kd5 44. Kc3 Rc1+ 45. Kb3 Rc4 46. Re2 Rxd4 47.
Re7 Rd3+ 48. Kc2 Kc4 49. Rxg7 Rc3+ 50. Kd2 Kxb4 51. Rf7 c5 52. Rxf6 Ra3 53. g4
c4 54. Ke2 Ra2+ 55. Ke3 Kc3 56. f4 gxf4+ 57. Kxf4 b4 58. Rb6 b3 59. g5 Ra1 60.
g6 b2 61. h4 b1=Q 62. Rxb1 Rxb1 63. h5 0-1

[Event "Chess Classic ELO Open 2013"]
[Site "Baden-Baden GER"]
[Date "2013.02.13"]
[Round "7.5"]
[White "Chatalbashev, Boris"]
[Black "Buecker, Stefan"]
[Result "1-0"]
[WhiteTitle "GM"]
[BlackTitle "FM"]
[WhiteElo "2552"]
[BlackElo "2342"]
[WhiteFideId "2900440"]
[BlackFideId "4601424"]
[EventDate "2013.02.07"]

1. d4 Nf6 2. c4 c5 3. d5 Ne4 4. Qc2 Qa5+ 5. Nd2 Nf6 6. e4 Qc7 7. Ne2 e5 8. Nc3
d6 9. Be2 Nbd7 10. g4 Be7 11. Nf1 Ng8 12. Ng3 a6 13. h4 h5 14. gxh5 Nf8 15. f4
Qd8 16. fxe5 Bxh4 17. Qd3 Ng6 18. hxg6 Bxg3+ 19. Qxg3 Rxh1+ 20. Kf2 Qd7 21. Bf3
Rh8 22. gxf7+ Qxf7 23. e6 Qf8 24. Bf4 1-0

[Event "Chess Classic ELO Open 2013"]
[Site "Baden-Baden GER"]
[Date "2013.02.13"]
[Round "7.6"]
[White "Schut, Lisa"]
[Black "Weber, Tom"]
[Result "1-0"]
[WhiteTitle "WIM"]
[BlackTitle "FM"]
[WhiteElo "2283"]
[BlackElo "2380"]
[WhiteFideId "1019481"]
[BlackFideId "4000609"]
[EventDate "2013.02.07"]

1. e4 d5 2. exd5 Nf6 3. Bb5+ Bd7 4. Be2 Nxd5 5. d4 Bf5 6. Nf3 e6 7. O-O Be7 8.
a3 O-O 9. c4 Nf6 10. Nc3 Ne4 11. Qb3 Nxc3 12. Qxc3 Bf6 13. b4 b6 14. Be3 Nc6 15.
Ne5 Be4 16. f3 Bxe5 17. dxe5 Bg6 18. Rad1 Qc8 19. Rd2 Rd8 20. Rfd1 Rxd2 21. Rxd2
h6 22. Bf2 Qe8 23. b5 Na5 24. c5 Rd8 25. c6 Rd5 26. Bh4 Bh7 27. a4 g5 28. Rxd5
exd5 29. Bf2 Qe6 30. h4 f6 31. Bd4 gxh4 32. Bf1 Nc4 33. Bxc4 dxc4 34. exf6 Qe2
35. Bf2 Qd1+ 36. Be1 h3 37. Qxc4+ Kh8 38. Qc3 Kg8 39. Qe5 Bg6 40. Qe6+ Bf7 41.
Qg4+ 1-0

[Event "Chess Classic ELO Open 2013"]
[Site "Baden-Baden GER"]
[Date "2013.02.13"]
[Round "7.7"]
[White "Frick, Christoph"]
[Black "Schmid, Wolfgang"]
[Result "1-0"]
[BlackTitle "FM"]
[WhiteElo "2250"]
[BlackElo "2209"]
[WhiteFideId "4607090"]
[BlackFideId "4608046"]
[EventDate "2013.02.07"]

1. g3 d5 2. Bg2 c6 3. d3 Nf6 4. Nc3 e5 5. Nf3 Bd6 6. O-O Bg4 7. h3 Bxf3 8. Bxf3
O-O 9. e4 dxe4 10. dxe4 Be7 11. Qe2 Nbd7 12. Rd1 Qc7 13. Qc4 Nb6 14. Qe2 Nbd7
15. a4 a5 16. Qc4 Bc5 17. Rf1 h6 18. Nd1 Rfd8 19. Ne3 g6 20. Kg2 Bf8 21. Nd1 Nc5
22. Be3 Ne6 23. Nc3 Qe7 24. Ne2 Qb4 25. Qa2 Kg7 26. Rad1 Qe7 27. Bb6 Rd7 28. c3
Rxd1 29. Rxd1 Nd7 30. Be3 Rd8 31. Qc4 Ndc5 32. Nc1 Rxd1 33. Bxd1 Qd7 34. Bc2 b5
35. axb5 cxb5 36. Qe2 Qc6 37. f3 h5 38. h4 Be7 39. Qd2 Qd6 40. Qe2 Qc6 41. Bb1
Nd7 42. Ba2 Bc5 43. Nd3 Bxe3 44. Qxe3 Nec5 45. Nf2 Qd6 46. Qe2 b4 47. Qc4 Qe6
48. Qxe6 fxe6 49. cxb4 axb4 50. Bc4 Kf6 51. Nd1 Ke7 52. Kf2 Kd6 53. Bb5 Ke7 54.
Ke2 Nb6 55. Kd2 Nc8 56. Ke3 Nd6 57. Be2 Kf6 58. Nf2 Ke7 59. Kd2 Nb3+ 60. Ke3 Nc5
61. Bf1 Kf6 62. Nd3 Nc4+ 63. Ke2 Nxd3 64. Kxd3 Nxb2+ 65. Kc2 Na4 66. Kb3 Nc5+
67. Kxb4 Nd7 68. Bb5 Nf8 69. Kc5 g5 70. Be8 gxh4 71. gxh4 Ng6 72. Bxg6 Kxg6 73.
Kd6 Kf6 74. Kd7 Kf7 75. Kd8 Kf8 76. Kc7 Ke7 77. Kc6 Kf7 78. Kd7 Kf6 79. Ke8 1-0

[Event "Chess Classic ELO Open 2013"]
[Site "Baden-Baden GER"]
[Date "2013.02.13"]
[Round "7.8"]
[White "Vogel, Jaap"]
[Black "Krulich, Roman"]
[Result "1-0"]
[WhiteTitle "FM"]
[BlackTitle "CM"]
[WhiteElo "2190"]
[BlackElo "2215"]
[WhiteFideId "1000764"]
[BlackFideId "4698746"]
[EventDate "2013.02.07"]

1. d4 d5 2. Nf3 Nf6 3. g3 g6 4. Bg2 Bg7 5. c4 O-O 6. O-O Nc6 7. Ne5 Nxe5 8. dxe5
Nd7 9. cxd5 Nxe5 10. Nc3 Qd6 11. Qb3 Bd7 12. Be3 f5 13. Nb5 Bxb5 14. Qxb5 a6 15.
Qb3 b5 16. Rac1 Kh8 17. Bf4 Rfb8 18. Rc2 Ra7 19. Rfc1 a5 20. Qe3 c5 21. Rxc5 Rd8
22. Rc6 Qb8 23. Rb6 1-0

[Event "Chess Classic ELO Open 2013"]
[Site "Baden-Baden GER"]
[Date "2013.02.13"]
[Round "7.11"]
[White "Hoegener, Claude"]
[Black "Gkogkas, Dimitrios"]
[Result "1/2-1/2"]
[WhiteElo "2059"]
[BlackElo "2218"]
[WhiteFideId "4000978"]
[BlackFideId "4200462"]
[EventDate "2013.02.07"]

1. d4 c5 2. c3 Qa5 3. e3 Nf6 4. Nf3 g6 5. Nbd2 d6 6. Be2 Bg7 7. O-O O-O 8. a3
Nc6 9. b4 cxb4 10. cxb4 Qd8 11. Bb2 Bf5 12. Rc1 a6 13. Bc4 d5 14. Ba2 Bg4 15. h3
Bxf3 16. Nxf3 e6 17. Rc2 1/2-1/2

[Event "Chess Classic ELO Open 2013"]
[Site "Baden-Baden GER"]
[Date "2013.02.13"]
[Round "7.12"]
[White "Berndt, Matthias"]
[Black "Partenheimer, Axel"]
[Result "1/2-1/2"]
[WhiteElo "2136"]
[BlackElo "2188"]
[WhiteFideId "4622839"]
[BlackFideId "4646703"]
[EventDate "2013.02.07"]

1. e4 c5 2. Nc3 Nc6 3. g3 g6 4. Bg2 Bg7 5. d3 d6 6. Be3 Rb8 7. a4 a6 8. h4 h5 9.
Nge2 Nf6 10. O-O O-O 11. Nd5 Ng4 12. Bc1 e6 13. Ndf4 b5 14. axb5 axb5 15. c3 b4
16. f3 Nf6 17. Be3 Qb6 18. d4 cxd4 19. Nxd4 Nxd4 20. Bxd4 Qc7 21. Ne2 bxc3 22.
Bxc3 Bd7 23. Qd2 Bb5 24. Rf2 Rfc8 25. Rd1 Bxe2 26. Qxe2 d5 27. e5 Nd7 28. f4 Bf8
29. g4 hxg4 30. Qxg4 Bc5 31. Bd4 Bxd4 32. Rxd4 Qc1+ 33. Rd1 Qe3 34. Rd2 Rc1+ 35.
Kh2 Kg7 36. Rde2 Qc5 37. f5 exf5 38. Rxf5 Qg1+ 39. Kg3 Rb3+ 40. Rf3 Rxf3+ 41.
Kxf3 Nf8 42. Qf4 Ne6 43. Qf6+ Kg8 44. Rf2 Rd1 45. Kg4 Rd4+ 46. Kh3 Rd3+ 47. Rf3
Rxf3+ 48. Bxf3 Qe3 49. Kg4 Qd4+ 50. Kg3 Qg1+ 51. Kh3 Qe3 52. Kg4 Qd4+ 53. Kg3 1/2-1/2

[Event "Chess Classic ELO Open 2013"]
[Site "Baden-Baden GER"]
[Date "2013.02.13"]
[Round "7.13"]
[White "Bohnert, Dominik"]
[Black "Ditmas, Hugh"]
[Result "1/2-1/2"]
[WhiteElo "1938"]
[BlackElo "1996"]
[WhiteFideId "12918075"]
[BlackFideId "1270666"]
[EventDate "2013.02.07"]

1. e4 c5 2. Nf3 Nc6 3. c4 e5 4. Nc3 d6 5. d3 g6 6. h4 h5 7. Ng5 f6 8. Nf3 Bh6 9.
Qa4 Bxc1 10. Rxc1 Bd7 11. Qb3 Nge7 12. Qxb7 Rb8 13. Qa6 Rxb2 14. Nb5 Nc8 15. Qa3
Qa5+ 16. Qxa5 Nxa5 17. Ra1 Ke7 18. Nc3 Kf7 19. Be2 Ne7 20. O-O Rc2 21. Rfc1
Rxc1+ 22. Rxc1 Rb8 23. Rb1 Rxb1+ 24. Nxb1 Bg4 25. Nc3 Nac6 26. Nb5 Ke6 27. Kf1
Kd7 28. Nd2 Be6 29. Nb3 a6 30. Nc3 Nb4 31. Ke1 Nec6 32. a3 Nc2+ 33. Kd2 N2d4 34.
Nxd4 Nxd4 35. Bd1 Ke7 36. Ne2 Nxe2 37. Bxe2 f5 38. f3 f4 39. Ke1 Kf6 40. Kf2 g5
41. hxg5+ Kxg5 42. Bd1 Bd7 43. Bc2 h4 44. Bd1 h3 45. gxh3 Bxh3 46. Ba4 Kf6 47.
Bc6 Ke7 48. Bb7 a5 49. Bc6 Kd8 50. Bb5 Kc7 51. Ke1 Kb6 52. Kf2 1/2-1/2

[Event "Chess Classic ELO Open 2013"]
[Site "Baden-Baden GER"]
[Date "2013.02.13"]
[Round "7.14"]
[White "Kuehn, Kolja"]
[Black "Magar, Johannes"]
[Result "1-0"]
[WhiteElo "1944"]
[BlackElo "2075"]
[WhiteFideId "12938106"]
[BlackFideId "4648943"]
[EventDate "2013.02.07"]

1. e4 Nf6 2. e5 Nd5 3. Bc4 Nb6 4. Bb3 d5 5. exd6 exd6 6. Nc3 Be7 7. Nf3 Bg4 8.
h3 Bh5 9. d3 Nc6 10. Bf4 a5 11. g4 a4 12. gxh5 axb3 13. axb3 Rxa1 14. Qxa1 O-O
15. Rg1 Re8 16. Kd2 Bf8 17. Ne4 Ne5 18. Nxe5 dxe5 19. Bg5 Be7 20. Bh6 g6 21.
hxg6 hxg6 22. Rg2 Nd5 23. Qg1 Kh7 24. Ng5+ Bxg5+ 25. Bxg5 Qd6 26. Rg4 Kg7 27.
Rh4 Rh8 28. Rxh8 Kxh8 29. Qg4 Qb4+ 30. Qxb4 Nxb4 31. Bf6+ Kh7 32. Bxe5 c6 33. c4
g5 34. Bd6 Na6 35. b4 b5 36. cxb5 cxb5 37. Ke3 Kg6 38. Ke4 f5+ 39. Kd5 1-0

[Event "Chess Classic ELO Open 2013"]
[Site "Baden-Baden GER"]
[Date "2013.02.13"]
[Round "7.15"]
[White "Riehle, Marco"]
[Black "Ehmann, Thilo"]
[Result "1/2-1/2"]
[WhiteElo "1851"]
[BlackElo "1861"]
[WhiteFideId "12904392"]
[BlackFideId "12940968"]
[EventDate "2013.02.07"]

1. e4 e5 2. Nf3 Nc6 3. d4 exd4 4. Bc4 Bc5 5. c3 Nf6 6. cxd4 Bb4+ 7. Kf1 d5 8.
exd5 Nxd5 9. Nc3 Bxc3 10. bxc3 O-O 11. Ng5 Be6 12. Qd3 g6 13. h4 Na5 14. Bb3 Bf5
15. Qg3 Nxb3 16. axb3 Qd6 17. Qf3 Qd7 18. h5 gxh5 19. Ra4 c6 20. c4 b6 21. Ra2
Nb4 22. Rd2 f6 23. Ba3 a5 24. Ne4 Rae8 25. Ng3 Bg4 26. Qf4 Qe6 27. Kg1 Qd7 28.
Kf1 Qe7 29. Kg1 Qd7 1/2-1/2

[Event "Chess Classic ELO Open 2013"]
[Site "Baden-Baden GER"]
[Date "2013.02.14"]
[Round "8.4"]
[White "Chatalbashev, Boris"]
[Black "Frick, Christoph"]
[Result "1-0"]
[WhiteTitle "GM"]
[WhiteElo "2552"]
[BlackElo "2250"]
[WhiteFideId "2900440"]
[BlackFideId "4607090"]
[EventDate "2013.02.07"]

1. d4 d5 2. c4 c6 3. e3 Nf6 4. Nc3 g6 5. Nf3 a6 6. b4 Bg7 7. h3 O-O 8. Bb2 Nbd7
9. Rc1 e6 10. Bd3 Qe7 11. Qb3 Ne8 12. O-O f5 13. cxd5 exd5 14. Ba3 Qf7 15. b5
axb5 16. Bxf8 Bxf8 17. a4 bxa4 18. Nxa4 Nef6 19. Ra1 Ne4 20. Nb6 Nxb6 21. Qxb6
Rxa1 22. Rxa1 f4 23. Qd8 1-0